[Event "Roncana op-C 8th"]
[Site "Santa Eulalia de Roncana"]
[Date "2014.11.22"]
[Round "6"]
[White "Garcia Vila, Aniol"]
[Black "Toquero Gracia, Laura"]
[Result "0-1"]
[WhiteElo "1700"]
[BlackElo "1700"]
[PlyCount "74"]
[EventDate "2014.10.11"]
[EventType "swiss"]
[EventRounds "8"]
[EventCountry "ESP"]
[SourceTitle "EXT 2022"]
[Source "ChessBase"]
[SourceDate "2021.10.06"]
[SourceVersion "1"]
[SourceVersionDate "2021.10.06"]
[SourceQuality "1"]

1. e4 e5 2. Bc4 Nc6 3. Nf3 Nf6 4. 0-0 Bc5 5. b3 0-0 6. a4 d6 7. b4 Bxb4 8. c3 Bc5 9. Ng5 Bb6 10. Qe2 Bc5 11. Ra2 Bg4 12. Qe1 Rb8 13. d4 Bb6 14. a5 Bxa5 15. dxe5 dxe5 16. Qe3 h6 17. Ne6 fxe6 18. f3 Bh5 19. Rd2 Qe7 20. Ba3 Qf7 21. Bb4 Bb6 22. Qc5 Bxc5+ 23. Bxc5 Rfd8 24. Bxe6 Qxe6 25. Rfd1 Rd7 26. Ba3 Rbd8 27. c4 Rxd2 28. Rxd2 Rxd2 29. Nxd2 Qd7 30. Bc1 Qd4+ 31. Kf1 Qd3+ 32. Ke1 Qe3+ 33. Kf1 a5 34. Ba3 Qxa3 35. Nb1 Qc1+ 36. Kf2 Qxb1 37. g4 Qb2+ 0-1

[Event "Roncana op-C 8th"]
[Site "Santa Eulalia de Roncana"]
[Date "2014.10.11"]
[Round "1"]
[White "Moron Munoz, Axel Andres"]
[Black "Garcia Vila, Aniol"]
[Result "1-0"]
[WhiteElo "1726"]
[BlackElo "1700"]
[PlyCount "69"]
[EventDate "2014.10.11"]
[EventType "swiss"]
[EventRounds "8"]
[EventCountry "ESP"]
[SourceTitle "EXT 2016"]
[Source "ChessBase"]
[SourceDate "2015.10.08"]
[SourceVersion "1"]
[SourceVersionDate "2015.10.08"]
[SourceQuality "1"]

1. e4 d5 2. d3 f5 3. exd5 g6 4. Bf4 Bg7 5. d4 Nf6 6. Nc3 0-0 7. Bc4 Bd7 8. d6+ e6 9. dxc7 Qxc7 10. Bxc7 a5 11. Qf3 a4 12. Qxb7 Ra5 13. Bxa5 Bh6 14. Nf3 Bc6 15. Bxe6+ Kh8 16. Qb4 Re8 17. Ng5 Bxg5 18. 0-0 Rxe6 19. Qf8+ Ng8 20. Qxf5 gxf5 21. d5 Re5 22. Bc7 Re8 23. dxc6 Na6 24. Bd6 Re6 25. c7 Re8 26. Rae1 Rc8 27. Re6 Nxc7 28. Be5+ Nf6 29. Bxc7 Rxc7 30. Nb5 Rc8 31. Rd1 Ne8 32. Rd7 a3 33. Nxa3 Bh4 34. Nc4 Rxc4 35. Rxe8# 1-0